AK’s General Knowledge A-Z #61 - Statistics

General Stats
  • This quiz has been taken 340 times
  • The average score is 16 of 26
Answer Stats
Hint Answer % Correct
K – Paul Stanley's band, or what Katy Perry did to a girl Kiss
91%
Y – the whole nine _____ Yards
87%
Q – Harley _____, love interest of Joker in DC Comics books Quinn
85%
J – first name of Dench who played M in eight Bond films Judi
83%
R – American reality competition TV series RuPaul’s Drag ____ Race
83%
V – form of blog popular on YouTube Vlog
82%
U – Sergio Leone’s Once ____ _ ____ In The West, with original title C'era una volta il West Upon A Time
79%
W – pop duo formed by George Michael and Andrew Ridgeley (“Wake Me Up Before You Go-Go”) Wham!
79%
G – 2016 augmented reality mobile game Pokémon __ Go
78%
N – Bob Marley’s hit “No Woman, __ ___” No Cry
72%
D – country where the highest peak of the Caribbean, Pico Duarte, is located Dominican Republic
70%
A – realized in a bath that the density of an object can be calculated using the volume of displaced water, then ran around naked Archimedes
69%
F – _____ Off The Boat, TV series that chronicles the experiences of a Taiwanese-American family Fresh
65%
P – not a spruce, but to yearn desperately Pine
64%
B – is “mayordomo” in Spanish, or Rhett in Gone with the Wind Butler
59%
M – the southernmost country where lynxes (bobcats) can be found Mexico
59%
I – a segment of a baseball game in which both teams have played offense and defense Inning
58%
H – deep space probes launched in the mid-1970s, or the personification of the Sun in Greek mythology Helios
56%
E – Samsung ___________, one of the world's largest technology companies Electronics
53%
S – the smallest city that is the largest city of its continent Sydney
47%
T – first name of Morrison who wrote the 1987 novel Beloved about an escaped slave Toni
43%
L – world’s first computer programmer Ada, whose parents were poet Lord Byron and mathematician Lady Byron Lovelace
40%
O – the capital of Burkina Faso Ouagadougou
39%
C – C in UNESCO Cultural
31%
X – abbreviation for exchangeable bond XB
25%
Z – town in southern Poland, host of several ski jumping world cups Zakopane
9%
No matching quizzes found
Score Distribution
Percent of People with Each Score
Percentile by Number Answered
Your Score History
You have not taken this quiz